Temario 1982 : justicia del tiempo /

Guardado en:
Bibliografiske detaljer
Format: Bog
Sprog:spansk
Udgivet: México : Difusora Internacional, 1983
Fag:
Tags: Tilføj Tag
Ingen Tags, Vær først til at tagge denne postø!

MARC

LEADER 00000nam^a2200000^a^4500
001 000011397
005 20250521000000.0
009 20260526113140.113
020 |a 968-7024-17-X 
037 |a Acervo ITESO - Biblioteca 
041 |a ESP 
082 |a 903.  |b TEM 1982 
240 1 1 |a [Anuario de los temas] 
245 1 0 |a Temario 1982 :  |b justicia del tiempo / 
264 1 |a México :  |b Difusora Internacional,  |c 1983 
300 |a 497 p. 
336 |a texto  |b txt  |2 rdacontenido 
337 |a sin mediación  |b n  |2 rdamedio 
338 |a volumen  |b nc  |2 rdasoporte 
649 |a XX 
650 |a Historia Moderna -  |y Siglo XX 
650 |a Anuarios 
650 |a Cronología Histórica -  |y 1980-1989 
910 |a Fondo General 
920 |a Impresos - Libros 
930 |a Obras de Referencia 
905 |a 102 
901 |a 0113970100  |b IT2  |c REF  |i 011397  |u 20250521 
902 |a https://opac.biblio.iteso.mx/vufind/Record/000011397